000 00648nam a2200241Ia 4500
005 20260121111851.0
008 1471 260114s9999 xx 000 0 eng d
020 _a9789812778369
037 _aEBOOK
040 _aCRL
_beng
_cCRL
041 _aeng
_2eng
084 _qCRL
100 _aPugachev V S & Sinitsyn I N
_9948565
245 0 _aStochastic Systems: Theory and Applications
260 _bWorld Scientific
260 _bWSPC
260 _c2002
650 _aMathematics
_9948566
856 _uhttps://www.worldscientific.com/worldscibooks/10.1142/4805#t=toc
942 _cEBOOK
999 _c1538771
_d1538771